| 000 | 01488cam a22004454i 4500 | ||
|---|---|---|---|
| 003 | PE-LiUPU | ||
| 005 | 20250731184605.0 | ||
| 008 | 150616s r 000 0 d | ||
| 035 | _a(Sirsi) a5758 | ||
| 040 |
_aPE-LiUPU _bspa _cPE-LiUPU _erda |
||
| 049 | _aPRUA | ||
| 082 | 0 | 4 |
_a922.443 _bB651t _223 |
| 100 | 1 |
_aBloch, Ernst, _d1885-1977 _eautor. |
|
| 245 | 1 | 0 |
_aThomas Münzer, teólogo de la revolución / _cBloch Ernst ; traducción del texto alemán y de las notas a la edición francesa Jorge Deike Robles ; notas de Maurice de Gandillac. |
| 264 | 1 |
_aMadrid : _bEditorial Ciencia Nueva, S.L., _c1968. |
|
| 300 |
_a255 páginas ; _c22 centímetros. |
||
| 336 |
_atext _2rdacontent |
||
| 337 |
_aunmediated _2rdamedia |
||
| 338 |
_avolume _2rdacarrier |
||
| 505 | 0 | _aCómo se ha de leer.- Fuentes, biografías y reediciones.- Orientación de la predicación y teología munzerianas.- Conclusión, y la mitad del reino. | |
| 526 | _aP136 | ||
| 526 | _aP135 | ||
| 526 | _aP134 | ||
| 526 | _aP133 | ||
| 526 | _aP144 | ||
| 526 | _aP143 | ||
| 526 | _aP87 | ||
| 526 | _aP35 | ||
| 526 | _aP20 | ||
| 526 | _aP14 | ||
| 526 | _aP10 | ||
| 526 | _aP06 | ||
| 600 | 0 |
_aMünzer, Thomas, _d1489?-1525 _94526 |
|
| 700 |
_aDieke Robles, Jorge, _etraductor. _94527 |
||
| 700 |
_aGandillac, Maurice de, _d1906-2006. _94528 |
||
| 910 | _ajck | ||
| 942 |
_2ddc _cBK |
||
| 999 |
_c56820 _d56820 |
||
| 980 |
_81 _gALBERTO SANCHEZ Responsable de Automatización |
||